[Event "Aktivschachturnier"]
[Site "?"]
[Date "2007.03.01"]
[Round "?"]
[White "Fidelity Designer 2100"]
[Black "Krypton Challenge"]
[Result "1-0"]
[WhiteElo "1892"]
[BlackElo "1800"]
[Annotator "Joachim Brückner"]
[PlyCount "161"]
[EventDate "2007.??.??"]

1. d4 Nf6 2. c4 e6 3. Nf3 d5 4. Nc3 c6 5. e3 Bd6 6. c5 Be7 7. Bd3 b6 8. b4 a5
9. Qa4 Bb7 10. O-O b5 11. Qb3 axb4 12. Qxb4 Na6 13. Qb3 Qa5 14. Bd2 Qc7 15.
Rfb1 O-O 16. a4 b4 17. Na2 Ne4 18. Nxb4 Nxd2 19. Nxd2 Nxb4 20. Qxb4 Rfb8 21.
Qc3 Bf6 22. Nf3 Bc8 23. Rxb8 Qxb8 24. Qc2 h6 25. Qc3 Qc7 26. Ne5 Bxe5 27. dxe5
Ra5 28. Qb4 Ba6 29. Bxa6 Rxa6 30. f4 Qa7 31. a5 Kh8 32. Ra4 Kg8 33. Ra2 Kh8 34.
Ra1 Kg8 35. Ra4 Kh8 36. Ra2 Kg8 37. Kh1 Kh8 38. Qc3 Qb8 39. Ra1 Qb5 40. Kg1 Kg8
41. Kf2 Kh8 42. Qa3 Qc4 43. Kg3 Qb5 44. h3 Qc4 45. Rb1 Qe2 46. Kh2 Qd2 47. Rb4
Kh7 48. h4 Kg6 49. Ra4 Kh7 50. Kh3 Qc2 51. Qb4 Qc1 52. Ra3 Qg1 53. Kg3 Qh1 54.
Qd2 Kg8 55. Qe2 Ra7 56. Qd2 Ra6 57. Rb3 Ra8 58. Rb6 Qa1 59. Rxc6 Rxa5 60. Rc8+
Kh7 61. c6 Ra2 62. Qd3+ g6 63. Kh2 Qe1 64. e4 Qxh4+ 65. Qh3 Qxf4+ 66. Qg3 Qxg3+
67. Kxg3 Ra3+ 68. Kf4 g5+ 69. Kg4 dxe4 70. Rf8 Ra7 71. Rd8 Kg7 72. Kg3 Ra3+ 73.
Kf2 Rc3 74. Rd4 Rc2+ 75. Ke3 Rxg2 $4 {(75..Txc6 mit Gewinn fuer Schwarz)} 76.
Rc4 f5 77. exf6+ Kxf6 78. c7 Rg3+ 79. Kxe4 Rg4+ 80. Kd3 Rxc4 81. Kxc4 1-0

[Event "Aktivschachturnier"]
[Site "?"]
[Date "2007.03.01"]
[Round "?"]
[White "Kishon Chesster"]
[Black "Fidelity Par Excellence"]
[Result "1-0"]
[WhiteElo "1765"]
[BlackElo "1781"]
[Annotator "Joachim Brückner"]
[PlyCount "125"]
[EventDate "2007.??.??"]

1. d4 d5 2. Nf3 Nf6 3. e3 Bg4 4. Bb5+ Nbd7 5. O-O c6 6. Be2 e6 7. Nc3 Bd6 8.
Bd2 Ne4 9. h3 Bf5 10. Nxe4 dxe4 11. Nh2 Qb6 12. Bc3 O-O 13. Qd2 a5 14. a4 Qc7
15. f4 Nf6 16. b3 Qb6 17. Bb2 Rfe8 18. Bc4 Nd5 19. c3 Rf8 20. Qe2 Bg6 21. Qd2
f5 22. Qf2 Bh5 23. Qe1 Be7 24. Qd2 Rac8 25. Rac1 Bd6 26. Ra1 c5 27. Ba3 cxd4
28. cxd4 Bxa3 29. Rxa3 Qc6 30. Raa1 Qd6 31. Rac1 b6 32. Bb5 Rxc1 33. Rxc1 Qa3
34. Bc4 Rc8 35. Nf1 Bf7 36. Ng3 Qd6 37. Bxd5 Rxc1+ 38. Qxc1 exd5 39. Qc8+ Qf8
40. Nxf5 Qxc8 41. Ne7+ Kh8 42. Nxc8 g6 43. g4 Be8 44. Nxb6 Bc6 45. Kf2 Kg8 46.
Kg3 Kg7 47. h4 Kf6 48. h5 Ke6 49. Kh4 gxh5 50. Kxh5 Kd6 51. Nc8+ Kc7 52. Ne7
Be8+ 53. Kh6 Bf7 54. Kxh7 Kd6 55. Nf5+ Kd7 56. Ng7 Ke7 57. g5 Kf8 58. g6 Bg8+
59. Kh8 Bf7 60. f5 Ke7 61. Nh5 Ke8 62. Kg7 Bxg6 63. fxg6 1-0

[Event "Aktivschachturnier"]
[Site "?"]
[Date "2007.03.02"]
[Round "?"]
[White "Krypton Challenge"]
[Black "Fidelity Excel 68000"]
[Result "1-0"]
[WhiteElo "1800"]
[BlackElo "1849"]
[Annotator "Joachim Brückner"]
[PlyCount "77"]
[EventDate "2007.??.??"]

1. c4 c5 2. Nc3 Nc6 3. Nf3 g6 4. d3 Bg7 5. e4 d6 6. Bg5 Bxc3+ 7. bxc3 f5 8.
exf5 Bxf5 9. Rb1 Rb8 10. Be2 h6 11. Bh4 Nf6 12. Qd2 e5 13. O-O Qe7 14. Rb5 e4
15. dxe4 Bxe4 16. Re1 a6 17. Rb6 g5 18. Bg3 Rd8 19. Bd3 g4 20. Nh4 Kf7 21. Bxe4
Qc7 22. Qb2 Na5 23. Bd3 h5 24. Nf5 Rhe8 25. Rb1 Re6 26. Qa3 Re1+ 27. Rxe1 Qxb6
28. Re7+ Kf8 29. Re6 Kf7 30. Rxd6 Rxd6 31. Bxd6 Nd7 32. Qc1 Qd8 33. Qh6 Nf6 34.
Be7 Qg8 35. Qxf6+ Ke8 36. Bxc5 Nc6 37. Ne7 g3 38. Nxc6 gxf2+ 39. Kf1 1-0

[Event "Aktivschachturnier"]
[Site "?"]
[Date "2007.03.02"]
[Round "?"]
[White "Fidelity Designer 2000"]
[Black "Fidelity Excel 68000"]
[Result "1/2-1/2"]
[WhiteElo "1692"]
[BlackElo "1849"]
[Annotator "Joachim Brückner"]
[PlyCount "79"]
[EventDate "2007.??.??"]

1. e4 e5 2. Nf3 Nc6 3. Bc4 Nf6 4. Ng5 Bc5 5. Bxf7+ Ke7 6. Bd5 Rf8 7. Nf3 d6 8.
c3 Bg4 9. Bxc6 bxc6 10. d4 Bb6 11. Qd3 exd4 12. cxd4 Kd7 13. Nc3 Bxf3 14. gxf3
Nh5 15. e5 Qh4 16. Ne4 Qh3 17. Ng5 Qg2 18. e6+ Ke7 19. Rf1 Ba5+ 20. Ke2 Qxh2
21. Nxh7 Ng3+ 22. Kd1 Nxf1 23. Nxf8 Qxf2 24. Ng6+ Kxe6 25. Nf4+ Ke7 26. Qe4+
Kd8 27. Ne6+ Kc8 28. Qxc6 Rb8 29. Qa6+ Kd7 30. Qxa5 Rxb2 31. Nf8+ Ke8 32. Qh5+
Kxf8 33. Qf5+ Kg8 34. Qc8+ Kf7 35. Qd7+ Kf8 36. Qd8+ Kf7 37. Qd7+ Kf8 38. Qf5+
Kg8 39. Qd5+ Kf8 40. Qf5+ 1/2-1/2

[Event "Aktivschachturnier"]
[Site "?"]
[Date "2007.03.03"]
[Round "?"]
[White "Fidelity Par Excellence"]
[Black "Fidelity Designer 2100"]
[Result "0-1"]
[WhiteElo "1781"]
[BlackElo "1892"]
[Annotator "Joachim Brückner"]
[PlyCount "56"]
[EventDate "2007.??.??"]

1. d4 Nf6 2. c4 e6 3. Nc3 d5 4. Nf3 c6 5. e3 Nbd7 6. Bd3 Bb4 7. O-O O-O 8. c5
b6 9. Qa4 bxc5 10. Qxc6 Rb8 11. Bd2 c4 12. Bc2 Be7 13. b3 Rb6 14. Qa8 Qc7 15.
Nxd5 exd5 16. Ba5 Ba6 17. Bxh7+ Kxh7 18. Ng5+ Kg8 19. Bxb6 Nxb6 20. Qxf8+ Kxf8
21. bxc4 dxc4 22. Rac1 c3 23. Rfe1 Ba3 24. Rc2 Bd3 25. Rcc1 Bxc1 26. Rxc1 c2
27. Nf3 Qc3 28. Ne1 Qd2 0-1

[Event "Aktivschachturnier"]
[Site "?"]
[Date "2007.03.03"]
[Round "?"]
[White "Kishon Chesster"]
[Black "Fidelity Designer 2000"]
[Result "1-0"]
[WhiteElo "1765"]
[BlackElo "1692"]
[Annotator "Joachim Brückner"]
[PlyCount "85"]
[EventDate "2007.??.??"]

1. e3 e5 2. b3 c5 3. Bb2 Nc6 4. Nf3 e4 5. Ne5 d6 6. Nxc6 bxc6 7. d3 Nf6 8. dxe4
Nxe4 9. Bd3 Qa5+ 10. Nd2 d5 11. Bxe4 dxe4 12. f3 Bf5 13. fxe4 Bxe4 14. O-O Rd8
15. Qh5 Bd5 16. Qe5+ Be6 17. Nc4 Qa6 18. a4 h5 19. e4 Rd7 20. Ba3 Rd4 21. Rfd1
Rg8 22. Rxd4 cxd4 23. Bxf8 Kxf8 24. Qb8+ Qc8 25. Qxa7 Bxc4 26. Qc5+ Ke8 27.
bxc4 f6 28. Qxh5+ g6 29. Qc5 Qd7 30. Rd1 Rh8 31. Rxd4 Qb7 32. Qd6 Kf7 33. Rd2
Rh5 34. Qd8 Qa7+ 35. Kh1 Qe7 36. Rd7 Re5 37. Rxe7+ Rxe7 38. Qd4 Rc7 39. a5 Rb7
40. a6 Rb1+ 41. Qg1 Rb4 42. Qa7+ Ke6 43. Qb7 1-0

[Event "Aktivschachturnier"]
[Site "?"]
[Date "2007.03.03"]
[Round "?"]
[White "Fidelity Designer 2000"]
[Black "Krypton Challenge"]
[Result "1/2-1/2"]
[WhiteElo "1692"]
[BlackElo "1800"]
[Annotator "Joachim Brückner"]
[PlyCount "62"]
[EventDate "2007.??.??"]

1. d4 d5 2. c4 c6 3. Nf3 e6 4. e3 Nf6 5. Nc3 Nbd7 6. Bd3 Be7 7. O-O O-O 8. cxd5
exd5 9. Bd2 b6 10. Qb3 Bb7 11. e4 dxe4 12. Nxe4 Nxe4 13. Bxe4 Nf6 14. Bd3 c5
15. dxc5 Bxf3 16. gxf3 Bxc5 17. Rac1 Qd6 18. Be3 Rac8 19. Rfd1 Bxe3 20. Rxc8
Bxf2+ 21. Kg2 Bd4 22. Rxf8+ Kxf8 23. Bc4 Qe5 24. Bxf7 Bxb2 $2 {
(24..De2+ mit Ausgleich)} 25. Rd8+ $2 {(besser 25.Tc4)} Ke7 26. Rc8 Qe2+ 27.
Kh3 Qf1+ 28. Kh4 Qf2+ $2 {(28..g5!!)} 29. Kh3 Qf1+ 30. Kh4 Qf2+ 31. Kh3 Qf1+
1/2-1/2

[Event "Aktivschachturnier"]
[Site "?"]
[Date "2007.03.03"]
[Round "?"]
[White "Fidelity Excel 68000"]
[Black "Fidelity Par Excellence"]
[Result "1-0"]
[WhiteElo "1849"]
[BlackElo "1781"]
[Annotator "Joachim Brückner"]
[PlyCount "99"]
[EventDate "2007.??.??"]

1. d4 d5 2. c4 Nc6 3. Nf3 Bg4 4. cxd5 Bxf3 5. dxc6 Bxc6 6. Nc3 Nf6 7. Bg5 h6 8.
Bxf6 exf6 9. a3 Bd6 10. e4 O-O 11. Bd3 f5 12. e5 Be7 13. Bxf5 Bxg2 14. Rg1 Bc6
15. Qg4 g5 16. h4 a5 17. O-O-O Bd5 18. Qh5 Ra6 19. hxg5 Bb3 20. gxh6+ Kh8 21.
Rd3 Bc4 22. Qg4 Rg8 23. Qg7+ Rxg7 24. hxg7+ Kg8 25. Bh7+ Kxh7 26. g8=Q+ Qxg8
27. Rh3+ Rh6 28. Rxh6+ Kxh6 29. Rxg8 Bg5+ 30. Kc2 f6 31. Ra8 b6 32. Rc8 fxe5
33. dxe5 Be6 34. Rxc7 Kg6 35. Rc6 Kf5 36. Rxb6 Bf4 37. b3 Bxe5 38. Rb5 a4 39.
Nxa4 Bd7 40. Rb4 Bd6 41. Rd4 Ke5 42. Rd2 Bxa4 43. bxa4 Bxa3 44. Kb3 Bc5 45. a5
Ke4 46. Rd7 Bxf2 47. a6 Ke5 48. Kc4 Bb6 49. a7 Bxa7 50. Rxa7 1-0

[Event "Aktivschachturnier"]
[Site "?"]
[Date "2007.03.03"]
[Round "?"]
[White "Fidelity Designer 2100"]
[Black "Kishon Chesster"]
[Result "1/2-1/2"]
[WhiteElo "1892"]
[BlackElo "1765"]
[Annotator "Joachim Brückner"]
[PlyCount "110"]
[EventDate "2007.??.??"]

1. Nf3 d5 2. b3 Nf6 3. Bb2 g6 4. e3 Bg7 5. c4 O-O 6. cxd5 Nxd5 7. Bxg7 Kxg7 8.
Qc2 Qd6 9. Qb2+ f6 10. d4 c5 11. e4 Nb6 12. e5 Qc6 13. Nbd2 fxe5 14. Nxe5 Qe6
15. Ne4 cxd4 16. Qxd4 Qd5 17. Qxd5 Nxd5 18. Rd1 Nb4 19. Rd2 Bf5 20. f3 Bxe4 21.
fxe4 Rf4 22. Re2 N8c6 23. Nxc6 bxc6 24. g3 Rf3 25. Bg2 Rff8 26. Rd2 Rad8 27.
Rf1 Rxd2 28. Kxd2 Rxf1 29. Bxf1 Nxa2 30. e5 Nb4 31. Kc3 Nd5+ 32. Kd4 Kf7 33.
Bg2 Nb4 34. Kc5 Nd3+ 35. Kd4 Nc1 36. b4 a5 37. bxa5 Nb3+ 38. Kc3 Nxa5 39. Kb4
Nb7 40. Bxc6 Nd8 41. Bd5+ e6 42. Be4 Ke7 43. Kc5 Nf7 44. Kd4 Nh6 45. Bf3 Nf5+
46. Kc5 h5 47. Be4 Ke8 48. Bxf5 exf5 49. Kd4 Kf7 50. Ke3 g5 51. h4 g4 52. Kd3
Ke7 53. Ke3 Kf7 54. Kd3 Ke7 55. Ke3 Kf7 1/2-1/2